Loading...
History - World History | 0 | 7 | 1 | 1 | 65 | 74 | 98.43 | 1 | 5 |
Social Science | 0 | 6 | 0 | 0 | 60 | 39 | 81.17 | 2 | 6 |
History - American History | 0 | 5 | 1 | 1 | 45 | 59 | 102.20 | 1 | 3 |
Fine Arts - Painting & Sculpture | 0 | 4 | 0 | 0 | 40 | 109 | 126.00 | 0 | 2 |
Literature - European Literature | 0 | 3 | 0 | 1 | 30 | 104 | 116.33 | 0 | 1 |
Mythology | 0 | 3 | 0 | 1 | 30 | 55 | 105.33 | 1 | 1 |
History - Other History | 0 | 3 | 1 | 1 | 25 | 101 | 118.33 | 0 | 2 |
Other | 0 | 3 | 1 | 0 | 25 | 49 | 90.33 | 0 | 1 |
Philosophy | 0 | 2 | 0 | 0 | 20 | 46 | 73.50 | 1 | 2 |
History - European History | 0 | 3 | 2 | 1 | 20 | 97 | 113.33 | 0 | 2 |
Literature - American Literature | 0 | 2 | 0 | 0 | 20 | 79 | 94.00 | 0 | 1 |
Science - Other Science | 0 | 1 | 0 | 0 | 10 | 89 | 89.00 | 0 | 1 |
Fine Arts - Other Fine Arts | 0 | 1 | 0 | 0 | 10 | 136 | 136.00 | 0 | 1 |
Literature - World Literature | 0 | 1 | 0 | 0 | 10 | 120 | 120.00 | 0 | 0 |
Religion | 0 | 2 | 2 | 0 | 10 | 81 | 86.50 | 0 | 2 |
Literature - British Literature | 0 | 1 | 1 | 0 | 5 | 94 | 94.00 | 0 | 1 |